000 00676nam a2200193Ia 4500
003 GCL
008 140319s9999 xx 000 0 ara d
040 _aGCL /
_cGCL
082 0 4 _a811.0094
_bس م
100 1 _aسيد البحراوى
245 1 0 _aموسيقى الشعر عند شعراء ابوللو /
_cسيد البحراوى
300 _a234 ص
490 _aالهيئة العامة للاستعلامات
_v0
650 0 4 _aالادب العربى
650 0 4 _aالشعر العربى - تاريخ ونقد
650 0 4 _aالرومانتيكية فى الادب العربى
650 0 4 _aالشعر العربى - العصر الحديث
942 _2ddc
_cBK
999 _c48907
_d48907